[Event "IECG CN.2002.0.00284 email"]
[Site "IECG email"]
[Date "2002.02.28"]
[Round "?"]
[White "Campbell, Graham G"]
[Black "Marin, Andres"]
[Result "1-0"]
[WhiteElo "791"]
[BlackElo "800"]
[PlyCount "59"]
[EventDate "2002.02.28"]
[EventType "tourn (corr)"]
[EventRounds "6"]
[SourceTitle "Corr 2008"]
[Source "ChessBase"]
[SourceDate "2008.06.24"]
[SourceVersion "1"]
[SourceVersionDate "2008.06.24"]
[SourceQuality "1"]

1. e4 e5 2. Nf3 Nc6 3. Bb5 Nf6 4. 0-0 a6 5. Ba4 b5 6. Bb3 Bc5 7. a4 Bb7 8. d3 h6 9. Nc3 0-0 10. axb5 axb5 11. Rxa8 Qxa8 12. Nxb5 Bb6 13. Be3 Bxe3 14. fxe3 Qa5 15. Na3 Ng4 16. Nc4 Qa6 17. d4 d6 18. h3 Nb4 19. hxg4 Bxe4 20. c3 Nd3 21. dxe5 dxe5 22. Nfxe5 Qa8 23. Nxd3 Rd8 24. Nce5 Kh7 25. Qa1 Qxa1 26. Rxa1 Bxd3 27. Rd1 Rb8 28. Rxd3 Rxb3 29. Nxf7 Rxb2 30. Rd7 1-0

[Event "IECG RN.2002.0.00011"]
[Site "IECG email"]
[Date "2002.01.09"]
[Round "?"]
[White "Marin, Andres"]
[Black "Balaram, Mohanakrishnan"]
[Result "0-1"]
[WhiteElo "800"]
[BlackElo "800"]
[PlyCount "70"]
[EventDate "2002.01.09"]
[EventType "tourn (corr)"]
[EventRounds "6"]
[SourceTitle "Corr 2008"]
[Source "ChessBase"]
[SourceDate "2008.06.24"]
[SourceVersion "1"]
[SourceVersionDate "2008.06.24"]
[SourceQuality "1"]

1. e4 c6 2. Nc3 d5 3. Nf3 dxe4 4. Nxe4 Nd7 5. d4 Ngf6 6. Bd3 Nxe4 7. Bxe4 Nf6 8. Bd3 Bg4 9. h3 Bh5 10. c3 e6 11. Bg5 Qd5 12. g4 Nxg4 13. hxg4 Bxg4 14. Be2 Bxf3 15. Bxf3 Qxg5 16. Qb3 0-0-0 17. Ke2 Qb5+ 18. Ke1 g6 19. Qxb5 cxb5 20. Rd1 h5 21. Rh4 Bd6 22. d5 exd5 23. Bxd5 Rhe8+ 24. Kf1 Rf8 25. Rhd4 Bc7 26. Re1 Bb6 27. Rd3 f5 28. Re6 g5 29. Rg3 Rxd5 30. Rxg5 Rh8 31. f4 h4 32. Reg6 h3 33. Rg8+ Rd8 34. Rxd8+ Kxd8 35. Rg3 h2 0-1

[Event "IECG CN.2001.0.00273"]
[Site "IECG email"]
[Date "2001.12.11"]
[Round "?"]
[White "Marin, Andres"]
[Black "Doerdelmann, Thomas"]
[Result "0-1"]
[WhiteElo "800"]
[BlackElo "954"]
[PlyCount "48"]
[EventDate "2001.12.11"]
[EventType "tourn (corr)"]
[EventRounds "6"]
[SourceTitle "Corr 2008"]
[Source "ChessBase"]
[SourceDate "2008.06.24"]
[SourceVersion "1"]
[SourceVersionDate "2008.06.24"]
[SourceQuality "1"]

1. e4 e6 2. d4 d5 3. Nc3 Bb4 4. Bd2 dxe4 5. Nxe4 Qxd4 6. Nc3 Nf6 7. Nf3 Qb6 8. Bd3 Bd7 9. 0-0 0-0 10. Ng5 h6 11. a3 Bxc3 12. bxc3 hxg5 13. Bxg5 e5 14. Rb1 Qd6 15. Bxf6 Qxf6 16. Re1 Bc6 17. Qh5 Re8 18. Be4 g6 19. Qh6 Qg7 20. Qh3 Bxe4 21. Rxe4 b6 22. Rbe1 Na6 23. Rc4 c5 24. Ree4 b5 0-1

[Event "IECG CN.2001.0.00273"]
[Site "IECG email"]
[Date "2001.12.11"]
[Round "?"]
[White "Marin, Andres"]
[Black "Tabor, James"]
[Result "1-0"]
[WhiteElo "800"]
[BlackElo "800"]
[PlyCount "21"]
[EventDate "2001.12.11"]
[EventType "tourn (corr)"]
[EventRounds "6"]
[SourceTitle "Corr 2008"]
[Source "ChessBase"]
[SourceDate "2008.06.24"]
[SourceVersion "1"]
[SourceVersionDate "2008.06.24"]
[SourceQuality "1"]

1. e4 e5 2. Nf3 Bc5 3. Bc4 d6 4. d4 Nf6 5. dxc5 0-0 6. 0-0 Nc6 7. Nc3 Bg4 8. Bg5 h6 9. Bh4 Nd4 10. Be2 Rb8 11. Nxd4 1-0

[Event "IECG CN.2001.0.00273"]
[Site "IECG email"]
[Date "2001.12.11"]
[Round "?"]
[White "Torre, Leandro"]
[Black "Marin, Andres"]
[Result "1-0"]
[WhiteElo "792"]
[BlackElo "800"]
[PlyCount "45"]
[EventDate "2001.12.11"]
[EventType "tourn (corr)"]
[EventRounds "6"]
[SourceTitle "Corr 2008"]
[Source "ChessBase"]
[SourceDate "2008.06.24"]
[SourceVersion "1"]
[SourceVersionDate "2008.06.24"]
[SourceQuality "1"]

1. e4 e5 2. Bc4 Nf6 3. d3 Nc6 4. Nc3 d6 5. f4 Be7 6. Nf3 Bg4 7. 0-0 0-0 8. h3 Bxf3 9. Qxf3 Nd4 10. Qf2 Rb8 11. Be3 a6 12. Bxd4 exd4 13. Qxd4 b5 14. Bb3 c5 15. Qe3 Re8 16. Rae1 b4 17. Ne2 d5 18. e5 d4 19. Qf3 Nd7 20. Qd5 c4 21. Qxc4 Nf8 22. Qxf7+ Kh8 23. Qg8# 1-0